Health and Service-related Impact of Sexual and Stalking Victimization During United States Military Service on LGBT Service Members

Prior research among military personnel has indicated that sexual harassment, stalking, and sexual assault during military service are related to negative health sequelae. However, research specific to LGBT U.S. service members is limited. The current study aimed to explore the health, service utili...

Descripción completa

Guardado en:  
Detalles Bibliográficos
Autores principales: Klemmer, Cary Leonard (Autor) ; Schuyler, Ashley C. (Autor) ; Mamey, Mary Rose (Autor) ; Schrager, Sheree M. (Autor) ; Castro, Carl Andrew (Autor) ; Goldbach, Jeremy (Autor) ; Holloway, Ian W. (Autor)
Tipo de documento: Electrónico Artículo
Lenguaje:Inglés
Publicado: 2022
En: Journal of interpersonal violence
Año: 2022, Volumen: 37, Número: 9/10, Páginas: NP7554-NP7579
Acceso en línea: Volltext (lizenzpflichtig)
Verificar disponibilidad: HBZ Gateway
Palabras clave:

MARC

LEADER 00000naa a22000002c 4500
001 1883638844
003 DE-627
005 20240318084111.0
007 cr uuu---uuuuu
008 240318s2022 xx |||||o 00| ||eng c
024 7 |a 10.1177/0886260520970312  |2 doi 
035 |a (DE-627)1883638844 
035 |a (DE-599)KXP1883638844 
040 |a DE-627  |b ger  |c DE-627  |e rda 
041 |a eng 
084 |a 2,1  |2 ssgn 
100 1 |a Klemmer, Cary Leonard  |e VerfasserIn  |4 aut 
245 1 0 |a Health and Service-related Impact of Sexual and Stalking Victimization During United States Military Service on LGBT Service Members 
264 1 |c 2022 
336 |a Text  |b txt  |2 rdacontent 
337 |a Computermedien  |b c  |2 rdamedia 
338 |a Online-Ressource  |b cr  |2 rdacarrier 
520 |a Prior research among military personnel has indicated that sexual harassment, stalking, and sexual assault during military service are related to negative health sequelae. However, research specific to LGBT U.S. service members is limited. The current study aimed to explore the health, service utilization, and service-related impact of stalking and sexual victimization experiences in a sample of active-duty LGBT U.S. service members (N = 248). Respondent-driven sampling was used to recruit study participants. U.S. service members were eligible to participate if they were 18 years or older and active-duty members of the U.S. Army, U.S. Navy, U.S. Marine Corps, or U.S. Air Force. This study included a sizeable portion of transgender service members (N = 58, 23.4%). Sociodemographic characteristics, characteristics of military service, health, and sexual and stalking victimization in the military were assessed. Regression was used to examine relationships between health and service outcomes and sexual and stalking victimization during military service. Final adjusted models showed that experiencing multiple forms of victimization in the military increased the odds of visiting a mental health clinician and having elevated somatic symptoms, posttraumatic stress disorder symptomatology, anxiety, and suicidality. Sexual and stalking victimization during U.S. military service was statistically significantly related to the mental and physical health of LGBT U.S. service members. Interventions to reduce victimization experiences and support LGBT U.S. service members who experience these types of violence are indicated. Research that examines the role of LGBT individuals? experiences and organizational and peer factors, including social support, leadership characteristics, and institutional policies in the United States military is needed. 
650 4 |a GLBT 
650 4 |a Military 
650 4 |a military health 
650 4 |a Sexual Assault 
650 4 |a Sexual Harassment 
650 4 |a Transgender 
700 1 |a Schuyler, Ashley C.  |e VerfasserIn  |4 aut 
700 1 |a Mamey, Mary Rose  |e VerfasserIn  |4 aut 
700 1 |a Schrager, Sheree M.  |e VerfasserIn  |4 aut 
700 1 |a Castro, Carl Andrew  |e VerfasserIn  |4 aut 
700 1 |a Goldbach, Jeremy  |e VerfasserIn  |4 aut 
700 1 |a Holloway, Ian W.  |e VerfasserIn  |4 aut 
773 0 8 |i Enthalten in  |t Journal of interpersonal violence  |d London [u.a.] : Sage, 1986  |g 37(2022), 9/10, Seite NP7554-NP7579  |h Online-Ressource  |w (DE-627)324614721  |w (DE-600)2028900-5  |w (DE-576)276556305  |x 1552-6518  |7 nnas 
773 1 8 |g volume:37  |g year:2022  |g number:9/10  |g pages:NP7554-NP7579 
856 4 0 |u https://doi.org/10.1177/0886260520970312  |x Resolving-System  |z lizenzpflichtig  |3 Volltext  |7 1 
951 |a AR 
ELC |a 1 
LOK |0 000 xxxxxcx a22 zn 4500 
LOK |0 001 4501282282 
LOK |0 003 DE-627 
LOK |0 004 1883638844 
LOK |0 005 20240318084111 
LOK |0 008 240318||||||||||||||||ger||||||| 
LOK |0 040   |a DE-2619  |c DE-627  |d DE-2619 
LOK |0 092   |o n 
LOK |0 852   |a DE-2619 
LOK |0 852 1  |9 00 
LOK |0 866   |x zotak: Nacherfasst, da in zota-Errors 
LOK |0 935   |a krzo 
LOK |0 939   |a 18-03-24  |b l01 
ORI |a SA-MARC-krimdoka001.raw